000 01156nam a22003137a 4500
005 20170726145311.0
010 _aBAC-EN21 /ENG-109242
020 _a9788132113416
_c350.00
020 _a9788132113416
_c395.00 (AV)
035 _aEN-92775
035 _aB-580379-392
035 _aB-667327
037 _bAakar/Ven
_adpl
037 _bDBAD/PUB
082 0 0 _a650.1
_223
100 1 _aSharma, Siddhartha
_d1984-
245 1 0 _aLove your Mondays and retire young /
_cby Siddhartha Sharma
260 _aNew Delhi
_bSAGE Publications
_c2014
270 _aB1/I-1, Mohan Cooperative Industrial Area, Mathura Road
_bNew Delhi
_e110044
300 _axxx,291p.
_b22cm(pbk)
500 _aIncludes bibliographical references
650 0 _aJob satisfaction.
650 0 _aQuality of work life.
650 0 _aSuccess in business.
650 0 _aEntrepreneurship.
942 _2ddc
_cEN
_h650.1
_mSHA
999 _c82325
_d82325